000 01741cam a22004934i 4500
003 PE-LiUPU
005 20250731173146.0
008 150623s r 000 0 d
020 _a0801064856
035 _a(Sirsi) i9780801064852
040 _aPE-LiUPU
_bspa
_cPE-LiUPU
_erda
049 _aPRUA
082 0 4 _a253.52
_bS21
_221
100 1 _aKen, Sande,
_eautor.
245 1 4 _aThe peacemaker :
_ba biblical guide to resolving personal conflict.
_n2004 /
_cKen Sande.
264 1 _aMichigan :
_bBaker Books,
_c2004.
300 _a318 páginas :
_bilustraciones, gráficos ;
_c23 centímetros
336 _atext
_2rdacontent
337 _aunmediated
_2rdamedia
338 _avolume
_2rdacarrier
504 _aIncluye bibliografía.
505 0 _aGlorify God. -Get the log out of eye. -Go and show your brother his fault. -Go and be reconciled. -Appendix.
526 _aSEG42
526 _aSEG41
526 _aSEG40
526 _aSEG39
526 _aP94
526 _aP87
526 _aP86
526 _aP85
526 _aP77
526 _aP76
526 _aP35
650 0 4 _aCONFLICTOS PERSONALES
_xCRISTIANISMO.
650 0 4 _aPAZ
_xCRISTIANISMO.
650 0 4 _aRECONCILIACION
_xCRISTIANISMO.
650 0 4 _aRELACIONES INTERPERSONALES
_xCRISTIANISMO.
942 _2ddc
_cBOOK
949 _a253.52 S21 2004
_wDEWEY
_c1
_i54238
_lCCODEBUL1
_mBUL
_p15.00
_r0
_sY
_tBOOK
_u2015-6-24
_xTEOLOGIA
_PP35
_0COMPRA
_o.STAFF. Colección General
994 _aC0
_bPEPRU
596 _a1
999 _a253.52 S21 2004
_wDEWEY
_c35139
_i54238
_f2021-11-10
_g5
_lCCODEBUL1
_mBUL
_p15.00
_r0
_sY
_tBOOK
_u2015-6-24
_xTEOLOGIA
_PP35
_0COMPRA
_o.STAFF. Colección General
_d35139
980 _81
_gALBERTO SANCHEZ Responsable de Automatización